One piece 4ème sondage de popularité - Statistiques

Statistiques générales
  • Ce quiz a été pris 188 fois
  • Le résultat moyen est 19 sur 30
Statistiques - réponses
Classement Personnage % Correct
1er Monket D. Luffy
99%
2ème Roronoa Zoro
99%
6ème Nami
97%
3ème Sanji
96%
7ème Nico Robin
94%
4ème Tony-tony Chopper
94%
5ème Portgas D. Ace
93%
11ème Usopp
89%
13ème Franky
88%
9ème Brook
86%
8ème Shanks
86%
28ème Crocodile
83%
12ème Dracule Mihawk
73%
10ème Trafalgar Law
71%
17ème Aokiji
62%
21ème Baggy
62%
15ème Eustass Kidd
62%
23ème Mr 2
62%
14ème Nefertari Vivi
61%
19ème Rob lucci
55%
22ème Ener
49%
16ème Kaku
46%
18ème Silvers Rayleigh
46%
20ème Smoker
37%
24ème Urouge
24%
26ème Dr Hiluluk
22%
27ème Pell
21%
29ème Kuro
16%
25ème Le vogue-Merry
10%
30ème Sniperking
6%
Aucun quiz correspondant
Distribution des résultats
% des personnes avec chaque résultat
Percentile par nombre de réponses
Votre historique - résultats
Vous n’avez pas pris ce quiz